000 00420nam a2200181Ia 4500
008 210210b1946 xxu||||| |||| 00| 0 eng d
041 _aeng
082 _a320/43
100 _aBARKER (Ernest)
245 _aEssays on government
260 _aLondon
_bOxford University Press
_c1946
300 _avii,269
650 _aon
650 _agovernment
650 _aEssays
690 _aGovernments
906 _a001798
999 _c117021
_d117021